00263nam a2200097Ia 4500008004100000100002400041245003100065260004300096300000800139650001800147191201s2012 xx 000 0 und d aKADIYAN, Om Parkash 0aHaryana ka Lok Geet Bhag 2 aN. delhibHaryana Granth Academic2012 a381 aGeneral Books